00524nam a22001817a 450000100060000000300080000600500170001400800410003103500190007204000210009104100080011208200180012024500570013826000470019530000300024249000260027265000440029826129BD-RjUL20211209050956.0140320s1983 cc |||| |||| 000 0 eng d a(BD-RjUL)26199 aBD-RjULcBD-RjUL aeng04a951bCHI 1983 aChina's modernization programme :b what is it like/ aBeijing, China :b Beijing Review, c1983. a31 p. : bill. ;c 19 cm. 0a China in focus, 2.  0aChina -- Economic policy -- 1976-2000.